Green Day Lyrics - The American Dream Is Killing Me - Statistics

General Stats
  • This quiz has been taken 71 times
  • The average score is 158 of 208
Answer Stats
American Dream % Correct
a
100%
am
100%
American
100%
Dream
100%
I
100%
is
100%
killin'
100%
me
100%
me,
100%
The
100%
the
100%
an
90%
When
90%
when
90%
in
87%
all
85%
it's
85%
It's
85%
and
82%
no
82%
are
79%
Are
79%
double
79%
not
79%
We
79%
we
79%
conspiracy
77%
home
77%
on
77%
On
77%
you
77%
out
74%
Send
74%
so
74%
talk
74%
to
74%
family
72%
taxes
72%
your
72%
of
69%
TikTok
69%
ever
67%
Now
67%
serious
67%
S.O.S.
67%
street
67%
Did
64%
getting
64%
Bulldoze
62%
condo
62%
for
62%
People
62%
read
62%
insanity
59%
learn
59%
note
59%
Unemployed
59%
Goddamn,
56%
obsolete
56%
Who
56%
grateful
54%
ransom
54%
broken
51%
glass
51%
masses
51%
want
51%
Don't
49%
faithful
49%
Forever
49%
inside
49%
need
49%
suicide
49%
well
49%
dead
46%
From
46%
I'm
46%
Sleepin'
46%
Under
46%
under
46%
Kiss
44%
overpass
44%
sea
44%
up
44%
beach
41%
shinin'
41%
country
38%
My
38%
oh
36%
pedophiles
36%
private
36%
property
36%
Say
36%
upon
36%
We're
36%
Whitewashed
33%
wild
33%
Cracked
31%
into
31%
siege
31%
huddled
28%
Woah
26%
No matching quizzes found
Score Distribution
Percent of People with Each Score
Percentile by Number Answered
Your Score History
You have not taken this quiz